| 000 | 00361cam a2200169ua 4500 | ||
|---|---|---|---|
| 001 | 3695 | ||
| 005 | 20260515113721.0 | ||
| 008 | 111128n ii |||gr||||Z||||||eng | ||
| 040 | _cMAIN | ||
| 082 | _a638.1 | ||
| 245 | 1 | 1 |
_aBee Keeping book _cby |
| 250 | _a1st. | ||
| 260 |
_a[s.l: _bs.n.] _c2007. |
||
| 300 | _c23cm. | ||
| 653 | _aBee Keeping book | ||
| 942 | _cBK | ||
| 999 |
_c3521 _d3521 |
||